Revista Centroamericana de Administración Pública (Бичлэгийн дугаар. 145984)
| 000 -УДИРДЛАГА | |
|---|---|
| Удирдлага | 01155nam a22002417a 4500 |
| 003 - ХЯНАЛТЫН ТОО ТОДОРХОЙЛОГЧ | |
| Код | MN-UlNUM |
| 005 - БИЧИЛТ ХИЙСЭН ОГНОО | |
| Тухайн бичилтийг бичсэн засварласан сүүлийн огноо | 20251219133451.0 |
| 008 - ЕРӨНХИЙ МЭДЭЭЛЭЛ | |
| Ерөнхий мэдээлэл | 251209s1985 cr 00| u eng d |
| 040 ## - БИЧЛЭГ ҮҮСГЭГЧ БАЙГУУЛЛАГА | |
| Бичлэг үүсгэгч номын сангийн код | МУИС-ийн номын сан |
| 084 ## - ББК АНГИЛАЛ | |
| Нэмэлт тусгалт | Нэг сэдэвт бүтээл |
| ББК ангилал | 66.2(7) |
| Зохиогчийн гурван тэмдэгт | R 48 |
| Мэдлэгийн ялгаа | 66 - Улс төр |
| 245 ## - ҮНДСЭН ГАРЧИГ | |
| Номын нэр | Revista Centroamericana de Administración Pública |
| 260 ## - ГАРАЛТЫН МЭДЭЭ | |
| Хэвлэгдсэн газар | Costa Rica |
| Хэвлэлийн газар | Instituto Centroamericano de Administración Pública |
| Хэвлэгдсэн он | 1985 |
| 300 ## - МАТЕРИАЛЫН ТОДОРХОЙЛОЛТ | |
| хуудасны тоо | 165 p. : |
| Бусад тоон мэдээлэл | illustrations ; |
| Хэмжээ | 23 cm |
| 490 ## - БОТЬ / ЦУВРАЛЫН ТУХАЙ МЭДЭЭ | |
| Боть / цувралын дугаар | 9 |
| 500 ## - Тайлбар | |
| Дансны дугаар | БС 4590 |
| 505 ## - Агуулгын тэмдэглэгээ | |
| Агуулгын тэмдэглэгээ | La Revista Centroamericana de Administración Pública es una revista electrónica gratuita y de acceso abierto de carácter científico-académico; publicada por el Instituto Centroamericano de Administración Pública (ICAP), entidad del Sistema de Integración Centroamericana (SICA) especializada en administración pública, que se encarga del desarrollo de los recursos humanos, la modernización de los sectores públicos del Istmo, y de apoyar los esfuerzos de integración centroamericana. |
| 546 ## - ХЭЛНИЙ ТУХАЙ МЭДЭЭ | |
| Хэл | Англи хэл дээр, |
| 653 ## - Түлхүүр үг | |
| Түлхүүр үг | public administration |
| 653 ## - Түлхүүр үг | |
| Түлхүүр үг | central America |
| 653 ## - Түлхүүр үг | |
| Түлхүүр үг | periodicals |
| 942 ## - ЭЛЕМЕНТИЙН ТӨРӨЛ | |
| Зүйлийн төрөл | Ном |
